000
00242nam a2200085Ia 4500
245
0
_a
Global warming for dummies
100
_a
MAY, Elizabeth Mississauga, ON, [c.2009]
_9
75828
942
_c
BK
008
210817s9999 xx 000 0 und d
999
_c
402008
_d
402007